[Event "Ruhrgebiet Regionalliga 1819"]
[Site "Nordrheinwestfalen"]
[Date "2018.10.28"]
[Round "3.5"]
[White "Dreier, Daniel"]
[Black "Dahm, Bernd W"]
[Result "0-1"]
[WhiteElo "1910"]
[BlackElo "2080"]
[PlyCount "84"]
[EventDate "2018.09.02"]
[EventType "team-tourn"]
[EventRounds "11"]
[EventCountry "GER"]
[SourceTitle "EXT 2022"]
[Source "ChessBase"]
[SourceDate "2021.10.06"]
[SourceVersion "1"]
[SourceVersionDate "2021.10.06"]
[SourceQuality "1"]
[WhiteTeam "Eichlinghofen SV"]
[BlackTeam "Essen Katernberg II"]
[WhiteTeamCountry "GER"]
[BlackTeamCountry "GER"]

1. e4 e6 2. f4 d5 3. Nc3 Nf6 4. e5 Nfd7 5. Nf3 c5 6. b3 Nc6 7. Be2 Be7 8. 0-0 0-0 9. Bb2 f6 10. exf6 Bxf6 11. a3 Bxc3 12. dxc3 Rxf4 13. Bc1 Rf8 14. Bd3 Nf6 15. Qe1 Qd6 16. Ng5 h6 17. Nh3 Bd7 18. Qh4 Qe7 19. Qg3 Kh8 20. Nf4 Be8 21. Ng6+ Bxg6 22. Bxg6 Ng8 23. Be3 e5 24. Rf5 d4 25. cxd4 cxd4 26. Bd2 e4 27. Bf4 Qe6 28. Rxf8 Rxf8 29. Re1 e3 30. Bd3 Qf7 31. Rf1 Nf6 32. Qh3 Qh5 33. Qg3 Nd5 34. Bg6 Qe2 35. Bd3 Nxf4 36. Rxf4 Qd1+ 37. Bf1 Rxf4 38. Qxf4 Qxc2 39. Bc4 Qd1+ 40. Bf1 Qc2 41. Bc4 Qb1+ 42. Bf1 e2 0-1

[Event "Oberliga NRW 1718"]
[Site "Germany"]
[Date "2018.04.29"]
[Round "9.5"]
[White "Dahm, Bernd W"]
[Black "Selten, Jan"]
[Result "0-1"]
[WhiteElo "2132"]
[BlackElo "2078"]
[PlyCount "58"]
[EventDate "2017.09.17"]
[EventType "team-tourn"]
[EventRounds "9"]
[EventCountry "GER"]
[SourceTitle "EXT 2019"]
[Source "ChessBase"]
[SourceDate "2018.10.10"]
[SourceVersion "1"]
[SourceVersionDate "2018.10.10"]
[SourceQuality "1"]
[WhiteTeam "Essen Katernberg"]
[BlackTeam "Gerresheim"]
[WhiteTeamCountry "GER"]
[BlackTeamCountry "GER"]

1. d4 e6 2. c4 Nf6 3. Nc3 Bb4 4. Qc2 d5 5. cxd5 exd5 6. Nf3 0-0 7. Bg5 Bg4 8. e3 Bh5 9. Bd3 Bg6 10. Bxg6 hxg6 11. Qb3 Nc6 12. 0-0 Bxc3 13. Qxc3 Qd7 14. Bxf6 gxf6 15. b4 a5 16. b5 Ne7 17. Rfc1 Rfc8 18. Qb2 Nf5 19. Rc5 b6 20. Rc6 Kg7 21. Rac1 a4 22. Qc2 Ra5 23. h3 a3 24. Nd2 Rxb5 25. Nb3 Nd6 26. Rxc7 Rxc7 27. Qxc7 Qxc7 28. Rxc7 Nc4 29. e4 Rxb3 0-1

[Event "Ruhrgebiet Verbandsliga Gruppe 2 1516"]
[Site "Germany"]
[Date "2016.03.20"]
[Round "8.1"]
[White "Sicars, Thorsten"]
[Black "Dahm, Bernd W"]
[Result "0-1"]
[WhiteElo "1979"]
[BlackElo "2135"]
[PlyCount "120"]
[EventDate "2015.09.06"]
[EventType "team-tourn"]
[EventRounds "9"]
[EventCountry "GER"]
[SourceTitle "EXT 2022"]
[Source "ChessBase"]
[SourceDate "2021.10.06"]
[SourceVersion "1"]
[SourceVersionDate "2021.10.06"]
[SourceQuality "1"]
[WhiteTeam "Wattenscheid SV III"]
[BlackTeam "Katernberg SF III"]
[WhiteTeamCountry "GER"]
[BlackTeamCountry "GER"]

1. d4 e6 2. Bf4 Nf6 3. e3 Be7 4. Nd2 b6 5. Ngf3 Nh5 6. Bg3 Bb7 7. Bd3 d6 8. Qe2 c5 9. c3 Nd7 10. a4 a6 11. b4 h6 12. Nc4 Nxg3 13. hxg3 cxb4 14. cxb4 d5 15. Nce5 Nxe5 16. Nxe5 Bxb4+ 17. Kf1 Bd6 18. Qh5 Bxe5 19. Qxe5 Kf8 20. g4 Rc8 21. Rd1 Qc7 22. Qh5 Qc6 23. g5 Qxa4 24. g3 Ke7 25. gxh6 Rxh6 26. Qg5+ Kd7 27. Kg2 Rxh1 28. Rxh1 Qa3 29. Qxg7 Qxd3 30. Qxf7+ Kd6 31. Qf4+ Kc6 32. Rc1+ Kb5 33. Rxc8 Bxc8 34. Qc7 Qc4 35. Qd6 a5 36. g4 e5 37. Qxe5 Bxg4 38. Kg3 Bd7 39. f4 Kc6 40. f5 Qf1 41. f6 Qh3+ 42. Kf2 Qe6 43. Qf4 Be8 44. Ke1 Bf7 45. Kd2 Qd6 46. Qh6 Kb5 47. Qg7 Qc7 48. Qh6 a4 49. Qf8 Bg6 50. Qg8 Qh2+ 51. Ke1 Qg1+ 52. Kd2 Qf2+ 53. Kd1 Qf1+ 54. Kd2 Qd3+ 55. Ke1 Qxe3+ 56. Kf1 Bd3+ 57. Kg2 Be4+ 58. Kf1 Qf4+ 59. Ke1 Qxf6 60. Qe8+ Kb4 0-1

[Event "Ruhrgebiet Verbandsliga Gruppe 1 1415"]
[Site "Germany"]
[Date "2014.12.14"]
[Round "4"]
[White "Aulich, Marcell"]
[Black "Dahm, Bernd W"]
[Result "0-1"]
[WhiteElo "2158"]
[BlackElo "2111"]
[PlyCount "116"]
[EventDate "2014.09.21"]
[EventType "team-tourn"]
[EventRounds "9"]
[EventCountry "GER"]
[SourceTitle "EXT 2022"]
[Source "ChessBase"]
[SourceDate "2021.10.06"]
[SourceVersion "1"]
[SourceVersionDate "2021.10.06"]
[SourceQuality "1"]
[WhiteTeam "Horst Emscher"]
[BlackTeam "Katernberg SF III"]
[WhiteTeamCountry "GER"]
[BlackTeamCountry "GER"]

1. e4 e6 2. b3 b6 3. Bb2 Bb7 4. Nc3 Nf6 5. e5 Ne4 6. Nxe4 Bxe4 7. Ne2 d5 8. Ng3 Bg6 9. h4 h6 10. a4 a5 11. Nh5 c6 12. Nf4 Bh7 13. Bd3 Bxd3 14. Nxd3 h5 15. Nf4 g6 16. g4 Bh6 17. g5 Bg7 18. d4 Nd7 19. Qd3 0-0 20. 0-0 Qe7 21. Ba3 c5 22. c3 Rfc8 23. Qb5 Qd8 24. Qd3 c4 25. bxc4 Rxc4 26. Bc1 Qe8 27. Bd2 Bf8 28. Rfb1 Rac8 29. Ng2 Nb8 30. Rxb6 Rxa4 31. Rxa4 Qxa4 32. Qb1 Nc6 33. Nf4 Ne7 34. Ng2 Nf5 35. Ra6 Be7 36. Ra7 Rf8 37. Be1 Bd8 38. Ra8 Qc6 39. Rb8 Bc7 40. Rb5 Ra8 41. Rc5 Qb6 42. Rb5 Qa6 43. Rb7 Bd8 44. Rb8 a4 45. Rb2 a3 46. Ra2 Be7 47. f3 Qc4 48. Ra1 Ra5 49. Qb8+ Kg7 50. Qe8 Rb5 51. Bf2 a2 52. Be3 Rb1+ 53. Kh2 Nxe3 54. Qxe7 Qe2 55. Qf6+ Kg8 56. Qd8+ Kh7 57. Rxa2 Qxa2 58. Kg3 Nf5+ 0-1

[Event "Ruhrgebiet Verbandsliga Gruppe 1 1415"]
[Site "Germany"]
[Date "2014.09.21"]
[Round "1"]
[White "Korber, Markus"]
[Black "Dahm, Bernd W"]
[Result "0-1"]
[WhiteElo "1947"]
[BlackElo "2111"]
[PlyCount "70"]
[EventDate "2014.09.21"]
[EventType "team-tourn"]
[EventRounds "9"]
[EventCountry "GER"]
[SourceTitle "EXT 2022"]
[Source "ChessBase"]
[SourceDate "2021.10.06"]
[SourceVersion "1"]
[SourceVersionDate "2021.10.06"]
[SourceQuality "1"]
[WhiteTeam "Steele/Kray Rochade"]
[BlackTeam "Katernberg SF III"]
[WhiteTeamCountry "GER"]
[BlackTeamCountry "GER"]

1. d4 Nf6 2. Nf3 e6 3. e3 b6 4. Nbd2 c5 5. c3 Nc6 6. Bd3 Qc7 7. 0-0 Be7 8. Qe2 Bb7 9. a3 d5 10. e4 dxe4 11. Nxe4 cxd4 12. cxd4 0-0 13. Bg5 Nd5 14. Bxe7 Qxe7 15. g3 Rfd8 16. Rad1 Rac8 17. Rfe1 h6 18. Ned2 Rc7 19. Nc4 b5 20. Nce5 b4 21. a4 b3 22. Qe4 Nf6 23. Nxc6 Bxc6 24. Qe2 Bxa4 25. Rc1 Rdc8 26. Qd2 Bc6 27. Ne5 Bd5 28. Rxc7 Qxc7 29. g4 Nd7 30. Nxd7 Qxd7 31. Rc1 Rd8 32. Qf4 Bc6 33. Bb5 Bxb5 34. Rc7 Qxd4 35. Qxf7+ Kh8 0-1

[Event "Mittelrhein Regionalliga 1314"]
[Site "Mittelrhein"]
[Date "2013.10.13"]
[Round "2.5"]
[White "Schenk, Uwe"]
[Black "Dahm, Bernd W"]
[Result "0-1"]
[WhiteElo "2017"]
[BlackElo "2117"]
[PlyCount "88"]
[EventDate "2013.09.15"]
[EventType "team-tourn"]
[EventRounds "11"]
[EventCountry "GER"]
[SourceTitle "EXT 2023"]
[Source "ChessBase"]
[SourceDate "2022.10.05"]
[SourceVersion "1"]
[SourceVersionDate "2022.10.05"]
[SourceQuality "1"]
[WhiteTeam "Godesberg III"]
[BlackTeam "Koeln Ford SF"]
[WhiteTeamCountry "GER"]
[BlackTeamCountry "GER"]

1. c4 Nf6 2. g3 e5 3. Bg2 Nc6 4. Nc3 g6 5. e4 Bg7 6. Nge2 0-0 7. 0-0 d6 8. d3 Nd4 9. Nxd4 exd4 10. Ne2 c5 11. b4 Nd7 12. Rb1 Rb8 13. Nf4 b6 14. Nd5 Bb7 15. f4 Bxd5 16. cxd5 Qc7 17. Rf2 Rbe8 18. bxc5 bxc5 19. Rfb2 Rb8 20. Qa4 Rxb2 21. Rxb2 Rb8 22. Rxb8+ Nxb8 23. Qe8+ Bf8 24. f5 Na6 25. fxg6 hxg6 26. Bh3 Nb4 27. Bd7 Kg7 28. Bh6+ Kxh6 29. Qxf8+ Kh7 30. Qxf7+ Kh8 31. Qf6+ Kh7 32. Qf7+ Kh8 33. Qf8+ Kh7 34. Be6 Qg7 35. Qxd6 Nxd3 36. Qd8 c4 37. d6 c3 38. Qh4+ Qh6 39. Qe7+ Qg7 40. Qh4+ Qh6 41. Bb3 Qxh4 42. gxh4 Nc5 43. e5 d3 44. h5 c2 0-1

[Event "Regionalliga Mittelrhein 1213"]
[Site "Germany"]
[Date "2013.03.03"]
[Round "8.5"]
[White "Schenk, Uwe"]
[Black "Dahm, Bernd W"]
[Result "0-1"]
[WhiteElo "2016"]
[BlackElo "2071"]
[PlyCount "74"]
[EventDate "2012.09.09"]
[EventType "team"]
[EventRounds "11"]
[EventCountry "GER"]
[SourceTitle "EXT 2015"]
[Source "ChessBase"]
[SourceDate "2014.11.20"]
[SourceVersion "1"]
[SourceVersionDate "2014.11.20"]
[SourceQuality "1"]
[WhiteTeam "Godesberg III"]
[BlackTeam "Koeln Ford SF"]
[WhiteTeamCountry "GER"]
[BlackTeamCountry "GER"]

1. d4 Nf6 2. c4 e6 3. g3 Bb4+ 4. Bd2 Qe7 5. Bg2 Nc6 6. Nf3 Bxd2+ 7. Qxd2 Ne4 8. Qc2 Qb4+ 9. Nc3 Nxc3 10. bxc3 Qxc4 11. 0-0 Qb5 12. e4 Qh5 13. d5 Ne7 14. Nd4 a6 15. Qa4 c5 16. Nb5 0-0 17. Nc7 Rb8 18. Rfd1 exd5 19. Nxd5 Nc6 20. Nb6 Qe5 21. Rd3 Rd8 22. Rad1 Qe7 23. Qa3 d6 24. f4 Be6 25. f5 Bc8 26. Nc4 b5 27. Nxd6 Ne5 28. Rd5 b4 29. cxb4 cxb4 30. Qa5 Nc6 31. Qc5 Bd7 32. g4 b3 33. axb3 Rxb3 34. e5 Qh4 35. Qc4 Rb2 36. Nxf7 Qf2+ 37. Kh1 Qxg2# 0-1

[Event "Regionalliga Mittelrhein 1213"]
[Site "Germany"]
[Date "2012.12.02"]
[Round "5.5"]
[White "Dahm, Bernd W"]
[Black "Schipp, Cyrill"]
[Result "1/2-1/2"]
[WhiteElo "2071"]
[BlackElo "1984"]
[PlyCount "37"]
[EventDate "2012.09.09"]
[EventType "team"]
[EventRounds "11"]
[EventCountry "GER"]
[SourceTitle "EXT 2015"]
[Source "ChessBase"]
[SourceDate "2014.11.20"]
[SourceVersion "1"]
[SourceVersionDate "2014.11.20"]
[SourceQuality "1"]
[WhiteTeam "Koeln Ford SF"]
[BlackTeam "Langenfeld II"]
[WhiteTeamCountry "GER"]
[BlackTeamCountry "GER"]

1. d4 d5 2. c4 e6 3. Nc3 Be7 4. Nf3 Nf6 5. Bg5 h6 6. Bh4 0-0 7. e3 b6 8. cxd5 Nxd5 9. Nxd5 Bxh4 10. Nxh4 Qxd5 11. Nf3 c5 12. Be2 Bb7 13. dxc5 Qxc5 14. 0-0 Nc6 15. Qd7 Qe7 16. Rfd1 Rfd8 17. Qxe7 Nxe7 18. Rxd8+ Rxd8 19. Rc1 1/2-1/2

[Event "NRW Class2 1112"]
[Site "Germany"]
[Date "2012.03.25"]
[Round "8.5"]
[White "Roemhild, Marcus"]
[Black "Dahm, Bernd W"]
[Result "1/2-1/2"]
[WhiteElo "2011"]
[BlackElo "2098"]
[PlyCount "87"]
[EventDate "2011.09.18"]
[EventType "team-tourn"]
[EventRounds "9"]
[EventCountry "GER"]
[SourceTitle "EXT 2015"]
[Source "ChessBase"]
[SourceDate "2014.11.20"]
[SourceVersion "1"]
[SourceVersionDate "2014.11.20"]
[SourceQuality "1"]
[WhiteTeam "Lippstadt Turm"]
[BlackTeam "Koeln Ford SF"]
[WhiteTeamCountry "GER"]
[BlackTeamCountry "GER"]

1. c4 c5 2. g3 Nc6 3. Bg2 g6 4. Nc3 Bg7 5. d3 e5 6. e4 Nge7 7. Nge2 0-0 8. 0-0 d6 9. Be3 h6 10. Qd2 Kh7 11. Rab1 a5 12. b3 Nd4 13. f4 f6 14. Nd5 Nxd5 15. cxd5 Bg4 16. Nc3 Bd7 17. Rf2 b5 18. Rbf1 b4 19. Nd1 a4 20. fxe5 dxe5 21. Bxd4 exd4 22. Qc2 Qb6 23. Nb2 axb3 24. axb3 Bb5 25. Nc4 Qa6 26. g4 Bxc4 27. dxc4 Qd6 28. Qd3 Ra3 29. h4 Kg8 30. Bf3 Qg3+ 31. Rg2 Qxh4 32. e5 fxe5 33. Qxg6 Qf6 34. Qd3 Qg5 35. Re1 Ra6 36. Bd1 Rf4 37. Bc2 Raf6 38. Qh7+ Kf8 39. Bf5 e4 40. Ra1 Rd6 41. Be6 Rxe6 42. dxe6 Rxg4 43. Rf1+ Ke7 44. Rxg4 1/2-1/2

[Event "NRW Class2 1112"]
[Site "Germany"]
[Date "2011.11.13"]
[Round "3.5"]
[White "Dahm, Bernd W"]
[Black "Loemker, Michael"]
[Result "1/2-1/2"]
[WhiteElo "2098"]
[BlackElo "2071"]
[PlyCount "47"]
[EventDate "2011.09.18"]
[EventType "team-tourn"]
[EventRounds "9"]
[EventCountry "GER"]
[SourceTitle "EXT 2015"]
[Source "ChessBase"]
[SourceDate "2014.11.20"]
[SourceVersion "1"]
[SourceVersionDate "2014.11.20"]
[SourceQuality "1"]
[WhiteTeam "Koeln Ford SF"]
[BlackTeam "Herford"]
[WhiteTeamCountry "GER"]
[BlackTeamCountry "GER"]

1. d4 g6 2. c4 Bg7 3. Nc3 a6 4. e4 Nc6 5. Nge2 e5 6. d5 Nd4 7. Be3 c5 8. dxc6 dxc6 9. Qd2 c5 10. Nd5 Be6 11. Nec3 f6 12. Bd3 Ne7 13. 0-0 0-0 14. Rab1 b5 15. b3 Nxd5 16. Nxd5 Bxd5 17. cxd5 f5 18. f3 Rc8 19. Rbc1 fxe4 20. fxe4 Rxf1+ 21. Bxf1 Qh4 22. Bd3 Qg4 23. Kh1 Qd7 24. Qa5 1/2-1/2

[Event "NRW Class2 1112"]
[Site "Germany"]
[Date "2011.09.18"]
[Round "1.4"]
[White "Scheffner, Axel"]
[Black "Dahm, Bernd W"]
[Result "1-0"]
[WhiteElo "2194"]
[BlackElo "2098"]
[PlyCount "151"]
[EventDate "2011.09.18"]
[EventType "team-tourn"]
[EventRounds "9"]
[EventCountry "GER"]
[SourceTitle "EXT 2015"]
[Source "ChessBase"]
[SourceDate "2014.11.20"]
[SourceVersion "1"]
[SourceVersionDate "2014.11.20"]
[SourceQuality "1"]
[WhiteTeam "Solingen III"]
[BlackTeam "Koeln Ford SF"]
[WhiteTeamCountry "GER"]
[BlackTeamCountry "GER"]

1. d4 Nf6 2. Nf3 e6 3. g3 b6 4. Bg2 Bb7 5. 0-0 c5 6. c4 Be7 7. Nc3 0-0 8. d5 exd5 9. Nh4 Re8 10. Nf5 d6 11. Ne3 Nbd7 12. Ncxd5 Nxd5 13. Nxd5 Bf8 14. b3 Rb8 15. Bb2 Ne5 16. Qd2 Nc6 17. Rad1 a6 18. Ne3 Qc8 19. Nd5 Qd8 20. Qf4 Ne5 21. Rfe1 b5 22. Bc3 bxc4 23. bxc4 Qc8 24. h3 Ng6 25. Qg5 Qd7 26. h4 h6 27. Qd2 Qg4 28. Ne3 Qe6 29. Bxb7 Rxb7 30. Qd5 Reb8 31. h5 Nh8 32. Qf3 f6 33. Nf5 Qxc4 34. Rxd6 Nf7 35. Rd2 Rb1 36. Rxb1 Rxb1+ 37. Kg2 Rc1 38. Bb2 Rc2 39. Ne3 Ng5 40. Nxc4 Nxf3 41. Rxc2 Ne1+ 42. Kf1 Nxc2 43. a3 Kf7 44. e4 Ke6 45. Ke2 Nd4+ 46. Bxd4 cxd4 47. Kd3 Bc5 48. g4 Kd7 49. f4 Kc6 50. a4 Ba7 51. Na3 Bb8 52. Nc2 Bxf4 53. Nb4+ Kc5 54. Nxa6+ Kb6 55. Nb4 Ka5 56. Nc6+ Kxa4 57. Nxd4 Kb4 58. Ne6 Bc1 59. e5 fxe5 60. Ke4 Kc4 61. Nxg7 Kc5 62. Ne8 Bf4 63. Nf6 Kd6 64. Kf5 Bc1 65. Ne4+ Ke7 66. Kxe5 Kf7 67. Nd6+ Kg7 68. Ke6 Bd2 69. Nf5+ Kh7 70. Kf7 Bc3 71. Ne7 Bb4 72. Nd5 Ba3 73. Nf6+ Kh8 74. Kg6 Bb2 75. Nd5 Bc1 76. Ne7 1-0

[Event "Cologne-ch 05"]
[Site "Cologne"]
[Date "2005.01.08"]
[Round "4"]
[White "Gerdau, Andreas"]
[Black "Dahm, Bernd W"]
[Result "0-1"]
[WhiteElo "1968"]
[BlackElo "2081"]
[PlyCount "74"]
[EventDate "2004.12.04"]
[EventType "swiss"]
[EventRounds "7"]
[EventCountry "GER"]
[SourceTitle "EXT 2006"]
[Source "ChessBase"]
[SourceDate "2005.11.24"]
[SourceVersion "1"]
[SourceVersionDate "2005.11.24"]
[SourceQuality "1"]

1. e4 g6 2. d4 Bg7 3. Nf3 c6 4. c3 d5 5. exd5 cxd5 6. Bd3 Nc6 7. 0-0 Nf6 8. h3 0-0 9. Nbd2 Qc7 10. Re1 Na5 11. Nf1 Nc4 12. Ne3 Nd6 13. Ne5 Be6 14. N3g4 Nxg4 15. Nxg4 Nc4 16. b3 Nd6 17. Bg5 Rfe8 18. Rc1 Rac8 19. Nh6+ Kh8 20. Qf3 Qd7 21. a4 a6 22. Bb1 f6 23. Bd2 Nf7 24. Nxf7+ Bxf7 25. h4 e5 26. dxe5 fxe5 27. Bg5 Rf8 28. Qe3 Rfe8 29. Bh6 Qg4 30. Bxg7+ Kxg7 31. Qb6 Qd7 32. h5 Rc6 33. Qe3 Qg4 34. hxg6 hxg6 35. Rcd1 g5 36. Qd3 Rh6 37. Re3 Reh8 0-1